000 00492nam a22001697a 4500
999 _c9140
_d9140
008 210325b ||||| |||| 00| 0 eng d
040 _aBMS College of Architecture
100 _aShwetha, MMJ
245 _aGameplex Bangalore
300 _a74p.
500 _a1BM05AT021
502 _8B.Arch
_NBMS College of Architecture, Visvesvaraya Technological University
_aProject report
_d2018
650 _aBangalore
700 _aK Manjula
_eGuide
700 _aPushpa D
_eGuide
942 _2ddc
_cTHE